| 000 | 00468ntaaa2200193 4500 | ||
|---|---|---|---|
| 003 | 01 | ||
| 005 | 20251027202542.0 | ||
| 008 | 0714s1973 ag 01 | ||
| 040 |
_aAR-BaBN _bspa _cAR-BaBN _eaacr _dRIC |
||
| 082 | _a301.3000 Ch38 | ||
| 100 |
_aChase, Stuart _924590 |
||
| 245 | _aEl estudio de la humanidad | ||
| 250 | _a1 ed. | ||
| 260 |
_aMéxico : _bUTEHA, _cc1966 |
||
| 300 | _axv, 417 p | ||
| 650 |
_asociología _9341 |
||
| 650 |
_ahumanidad _924591 |
||
| 942 | _cBK | ||
| 999 |
_c20591 _d20591 |
||